Applied Biotechnology (Record no. 234469)
[ view plain ]
| 000 -LEADER | |
|---|---|
| fixed length control field | 01322cam a2200313 a 4500 |
| 001 - CONTROL NUMBER | |
| control field | 3872020 |
| 003 - CONTROL NUMBER IDENTIFIER | |
| control field | Nust |
| 005 - DATE AND TIME OF LATEST TRANSACTION | |
| control field | 20170321120440.0 |
| 008 - FIXED-LENGTH DATA ELEMENTS--GENERAL INFORMATION | |
| fixed length control field | 891006s1989 txua b 101 0 eng |
| 010 ## - LIBRARY OF CONGRESS CONTROL NUMBER | |
| LC control number | 89025490 |
| 020 ## - INTERNATIONAL STANDARD BOOK NUMBER | |
| International Standard Book Number | 978-81-261-3274-4 |
| 040 ## - CATALOGING SOURCE | |
| Original cataloging agency | DLC |
| Transcribing agency | ASAB |
| Modifying agency | DLC |
| 050 00 - LIBRARY OF CONGRESS CALL NUMBER | |
| Classification number | TD192.5 |
| Item number | .B56 1989 |
| 082 00 - DEWEY DECIMAL CLASSIFICATION NUMBER | |
| Classification number | 664.024 |
| Edition number | 20 |
| 245 00 - TITLE STATEMENT | |
| Title | Applied Biotechnology |
| Statement of responsibility, etc. | P.R.Gilbert |
| 260 ## - PUBLICATION, DISTRIBUTION, ETC. | |
| Place of publication, distribution, etc. | Woodlands, Tex. : |
| Name of publisher, distributor, etc. | Portfolio Pub. Co. ; |
| Place of publication, distribution, etc. | Houston : |
| Name of publisher, distributor, etc. | Gulf Pub. Co., |
| Date of publication, distribution, etc. | c1989. |
| 300 ## - PHYSICAL DESCRIPTION | |
| Extent | xxiii, 300 p. : |
| Other physical details | ill. ; |
| Dimensions | 24 cm. |
| 440 #0 - SERIES STATEMENT/ADDED ENTRY--TITLE | |
| Title | Advances in applied biotechnology series ; |
| Volume/sequential designation | v. 4 |
| 500 ## - GENERAL NOTE | |
| General note | Papers presented at the International Workshop on Biotechnology and Biodegradation, held in Lisbon, Portugal, June 1989. |
| 504 ## - BIBLIOGRAPHY, ETC. NOTE | |
| Bibliography, etc. note | Includes bibliographical references and index. |
| 650 #0 - SUBJECT ADDED ENTRY--TOPICAL TERM | |
| Topical term or geographic name entry element | Bioremediation |
| General subdivision | Congresses. |
| 650 #0 - SUBJECT ADDED ENTRY--TOPICAL TERM | |
| Topical term or geographic name entry element | Biodegradation |
| General subdivision | Congresses. |
| 700 1# - ADDED ENTRY--PERSONAL NAME | |
| Personal name | Kamely, Daphne. |
| 700 1# - ADDED ENTRY--PERSONAL NAME | |
| Personal name | Chakrabarty, Ananda M., |
| Dates associated with a name | 1938- |
| 700 1# - ADDED ENTRY--PERSONAL NAME | |
| Personal name | Omenn, Gilbert S. |
| 711 2# - ADDED ENTRY--MEETING NAME | |
| Meeting name or jurisdiction name as entry element | International Workshop on Biotechnology and Biodegradation |
| Date of meeting | (1989 : |
| Location of meeting | Lisbon, Portugal) |
| 906 ## - LOCAL DATA ELEMENT F, LDF (RLIN) | |
| a | 7 |
| b | cbc |
| c | orignew |
| d | 1 |
| e | ocip |
| f | 19 |
| g | y-gencatlg |
| 942 ## - ADDED ENTRY ELEMENTS (KOHA) | |
| Source of classification or shelving scheme | |
| Koha item type | Book |
| Withdrawn status | Lost status | Source of classification or shelving scheme | Damaged status | Not for loan | Collection code | Permanent Location | Current Location | Date acquired | Total Checkouts | Full call number | Barcode | Date last seen | Price effective from | Koha item type |
|---|---|---|---|---|---|---|---|---|---|---|---|---|---|---|
| Atta-ur-Rahman School of Applied Biosciences (ASAB) | Atta-ur-Rahman School of Applied Biosciences (ASAB) | 03/21/2017 | 664.024 GIL | ASAB1731 | 03/21/2017 | 03/21/2017 | Book |
